Statistics for Countries Starting with 4+ letter English words

Click here to take the quiz!

General Stats

  • This quiz has been taken 33 times
  • The average score is 15 of 31

Answer Stats

Answer% Correct
UNITED states
88%
UNITED kingdom
85%
CHINa
76%
GERMany
76%
PORTugal
70%
SOUTH africa
67%
SOUTH korea
67%
SOUTH sudan
67%
NORTH korea
61%
EAST timor
58%
HUNGary
55%
SAINT kitts and nevis
55%
SAINT lucia
55%
CAMEroon
52%
MARSHALl islands
52%
SAINT vincent and the grenadines
52%
SINGapore
52%
MALTa
48%
SOLOmon islands
48%
BARBados
45%
CENTRAL african republic
45%
TONGa
45%
BANGladesh
42%
COSTa rica
39%
MACEdonia
39%
NETHERlands
39%
MOLDova
36%
MALDives
24%
HOLY see
3%
UNITED arab emerates
3%
FEDERATE states of micronesia
0%

Score Distribution

Percentile by Number Answered

Percent of People with Each Score

Your Score History

You have not taken this quiz